| 000 | 00792nam a2200229 a 4500 | ||
|---|---|---|---|
| 001 | BRL_53 | ||
| 005 | 20190320210552.0 | ||
| 008 | 021012s1973----mx-a######---#000-0#spa-# | ||
| 041 | _aspa | ||
| 044 | _amx | ||
| 050 | 4 |
_aNA5257.M4 _b.C33 1973 |
|
| 100 | 1 |
_aCaballero-Barnard, José Manuel _922775 |
|
| 245 | 1 | 0 |
_aLos conventos del siglo XVI en el Estado de México _cJosé Manuel Caballero-Barnard. |
| 260 |
_aMéxico _bDirección de Turismo del Gobierno del Estado de México _c1973 |
||
| 300 |
_a209 p. _bil. (algunas a color), 70 láminas _c24 cm. |
||
| 500 | _aIncluye glosario técnico e índice alfabético de conventos del siglo XVI | ||
| 500 | _aAu105 | ||
| 504 | _aBibliografía: p. 205-207 | ||
| 650 | 1 | 4 |
_aConventos _ySiglo XVI _zMéxico _922776 |
| 902 | _aGRL | ||
| 942 |
_2lcc _cB |
||
| 999 |
_c8866 _d8866 |
||